| 000 | 00629nam a2200169 4500 | ||
|---|---|---|---|
| 001 | 120018 | ||
| 003 | ES-MaACL | ||
| 005 | 20230906191441.0 | ||
| 007 | t| | ||
| 008 | 070214s1925 sp r ||||1| spa d | ||
| 100 | 1 |
_aPiña de Rubíes, Santiago. _992249 |
|
| 245 | 1 | 0 |
_aNuevas rayas del lantano en el espectro de arco a presión normal entre las longitudes de onda 3100 y 2200 I. A. / _cpor S. Piña de Rubíes. |
| 260 |
_aMadrid : _b[s. n.], _c1925. |
||
| 300 |
_a3 h. ; _c22 cm. |
||
| 500 | _aEs tirada aparte de: Anales de la Sociedad Española de Física y Química, t. XXIII, p. 444-449. | ||
| 852 |
_aES-MaACL _j1691-F-23 |
||
| 999 |
_c120018 _d120018 |
||